Normal view
MARC view
Entry Personal Name
001 - CONTROL NUMBER
- control field: 80065
003 - CONTROL NUMBER IDENTIFIER
- control field: OSt
005 - DATE AND TIME OF LATEST TRANSACTION
- control field: 20201007131539.0
008 - FIXED-LENGTH DATA ELEMENTS
- fixed length control field: 201007|| aca||aabn | a|a d
040 ## - CATALOGING SOURCE
- Original cataloging agency: OSt
- Transcribing agency: OSt
100 ## - HEADING--PERSONAL NAME
- Personal name: Roy,Dr. M.N.
670 ## - SOURCE DATA FOUND
- Source citation: Work cat.: (OSt): Roy,Dr. M.N., Textbook of Rural Sociology, 2017









